Open Data Biblioteca Nacional de Portugal


República Portuguesa: Ministério da Cultura
Biblioteca Nacional de Portugal

Catálogo da BNP: acesso por Identificadores Unívocos
Registos Bibliográficos associados ao registo de autoridade

Etiqueta de registo: 00254nbm 2200025 450
001 2077013
003 http://id.bnportugal.gov.pt/bib/catbnp/2077013
100 ## $a20210726f17011800m y0pory01030103ba
101 0# $apor
102 ## $aPT
105 ## $ay z 000yy
106 ## $ah
200 1# $a [ Cláusulas do testamento e rol das fazendas do morgado que instituiu o inquisidor Bartolomeu da Fonseca]$bManuscrito]
210 #1 $d[17--]
215 ## $a[9] f.$d30 cm
300 ## $aCópia
316 ## $aCota antiga: B-13-11, nº 2
702 #1 $aFonseca,$bBartolomeu da,$f1530?-1620?$31815407
801 #0 $aPT$bBN$gRPC
966 ## $lBN$mRESMAN$sMSS. 9, n. 2

Etiqueta de registo: 00254nbm 2200025 450
001 2285941
003 http://id.bnportugal.gov.pt/bib/catbnp/2285941
100 ## $a20260507j1612 k y0pory01030103ba
101 0# $alatlatlat
102 ## $aPT
105 ## $ay z 000yy
106 ## $ah
200 1# $aAnnotationes Ad Legem sique[m] quam. Cod[ex] de Episcopis et Clericis$eAdditis carminibus quibus dam monasthicis Diui Gregorii Nazianzeni Cum repertorio operis.$fAuthore E[m]manuele figuerio á Nigreriis, causarum mercatorum auditore$bManuscrito]
210 #1 $aVlysipoli anno salutis nostrae,$d1612
215 ## $a[VIII], 157, [12] f., enc.$d30 cm
300 ## $aCópia destinada à impressão com as aprovações assinadas por Bartolomeu da Fonseca, António Dias Cardoso, frei Manuel Coelho e o Bispo de Nicomédia (Lisboa, 3 de Julho de 1613) (f. [II])
304 ## $aTexto em latim
307 ## $aNotas marginais
307 ## $aManchado pela tinta ferrogálica e humidade; marcas da acção dos insectos; aparado
307 ## $aEncadernação em pergaminho liso
316 ## $aCota antiga: V-5-1
518 1# $aCarmina Monasthica Diui Graegorii Nazianzen
518 1# $aDe episcopis et clericis
700 #1 $aNegreiros,$bManuel Figueira e,$ffl. 1612$31997928
702 #0 $aJustiniano,$cImperador,$f527-565$4100$346792
702 #1 $aFonseca,$bBartolomeu da,$f1530?-1620?$4190$31815407
702 #1 $aCoelho,$bManuel,$f16--$4190$31536682
702 #1 $aCardoso,$bAntónio Dias,$f?-1624$4190$3101990
801 #0 $aPT$bBN$gRPC
966 ## $lBN$mRESMAN$sCOD. 7168
971 ## $cipires$d20260507

OpendataBNP@bnportugal.pt | Mais informação sobre acesso aos dados BNP